[Event "15th Croatian Open A"]
[Site "Zadar CRO"]
[Date "2008.12.16"]
[Round "4"]
[White "Urukalovic,R"]
[Black "Dimitrov,R"]
[Result "1-0"]
[WhiteElo "2273"]
[BlackElo "2378"]

1.e4 c5 2.Nf3 d6 3.d4 Nf6 4.Nc3 cxd4 5.Nxd4 a6 6.f3 e5 7.Nb3 Be6 8.Be3 Be7
9.Qd2 O-O 10.O-O-O Nbd7 11.g4 b5 12.g5 b4 13.Ne2 Ne8 14.f4 g6 15.Ng3 exf4
16.Bxf4 Ne5 17.h4 a5 18.Kb1 h5 19.gxh6 Bxh4 20.Qg2 Bg4 21.h7+ Kxh7 22.Be2 Bxe2
23.Qxe2 Qf6 24.Rxh4+ Qxh4 25.Rh1 Qxh1+ 26.Nxh1 Ng7 27.Qh2+ Kg8 28.Nd4 Rae8
29.Nf2 Nc4 30.Bh6 Re5 31.Ng4 Rfe8 32.Nf6+ Kf8 33.Bxg7+ Kxg7 34.Nxe8+ Rxe8
35.b3 Rxe4 36.Nf3 Na3+ 37.Kc1 Re3 38.Qf4 Re2 39.Nd4 Re1+ 40.Kd2 Re5 41.c4 Nb1+
42.Kd3 Nc3 43.Nc6 Re1 44.Qd4+ f6 45.Qa7+ Kh6 46.Qxa5 Ne4 47.Qxb4 Nc5+ 48.Kd2 Rg1
49.a4 Rg2+ 50.Kd1 g5 51.Qb8 Kh5 52.Qxd6 Ne4 53.Qe6 Nf2+ 54.Ke1 Nd3+ 55.Kf1 Rf2+
56.Kg1 Rf3 57.Nd4 Rg3+ 58.Kh2 Rg2+ 59.Kxg2 Nf4+ 60.Kg3  1-0

[Event "8th Amplico AIG Life Rapid"]
[Site "Warsaw POL"]
[Date "2008.12.20"]
[Round "2"]
[White "Nasuta,G"]
[Black "Malisauskas,V"]
[Result "0-1"]
[WhiteElo "2081"]
[BlackElo "2479"]

1.e4 c5 2.Nf3 d6 3.d4 cxd4 4.Nxd4 Nf6 5.Nc3 a6 6.f3 Qb6 7.Bc4 e6 8.Bb3 Nbd7
9.Be3 Nc5 10.Qd2 Qc7 11.O-O Be7 12.Rad1 O-O 13.a3 Nxb3 14.Nxb3 b5 15.Bf4 Rd8
16.Qf2 Bb7 17.Rd2 Rac8 18.Rfd1 Ne8 19.Be3 Qb8 20.Ba7 Qa8 21.Bb6 Rd7 22.Nc5 Rdc7
23.Bxc7 Rxc7 24.Nxb7 Qxb7 25.Kh1 h6 26.Ne2 Bg5 27.Rd3 Rxc2 28.f4 Be7 29.Qe3 Rxb2
30.e5 d5 31.f5 Bg5 32.Qf3 Qc7 33.fxe6 fxe6 34.Rf1 Qxe5 35.Nd4 Nf6 36.Qd1 Ne4
37.Nf3 Qf4 38.g3 Qg4 39.Qe1 Qh3 40.Rg1  0-1

[Event "TCh-HUN 2008-9"]
[Site "Budapest HUN"]
[Date "2008.12.21"]
[Round "4"]
[White "Lorand,N"]
[Black "Farkas,Ti"]
[Result "1-0"]
[WhiteElo "2314"]
[BlackElo "2289"]

1.e4 c5 2.Nf3 d6 3.d4 cxd4 4.Nxd4 Nf6 5.Nc3 a6 6.f3 e5 7.Nb3 Be6 8.Be3 Nbd7
9.Qd2 Be7 10.O-O-O Rc8 11.g4 Nb6 12.Bxb6 Qxb6 13.Nd5 Bxd5 14.exd5 Nd7 15.Kb1 Nc5
16.Bd3 Nxb3 17.axb3 Qd8 18.f4 exf4 19.Qxf4 O-O 20.h4 Bf6 21.g5 Be5 22.Qe4 g6
23.h5 Rc7 24.hxg6 hxg6 25.Qh4 f5 26.gxf6 Qxf6 27.Qg4 Rg7 28.Rh6 Bf4 29.Rxg6 Rxg6
30.Bxg6 Qg5 31.Qe6+ Kg7 32.Bd3 Rf6 33.Qe4 Kf8 34.Qc4 Rf7 35.Qc8+ Ke7 36.Qxb7+ Kf6
37.Qc6 a5 38.Qc3+ Be5 39.Qxa5 Qe3 40.Qd8+ Kg7 41.Rh1 Bh2 42.Qh4 Rf2 43.b4 Qd2
44.b5 Rg2 45.b6 Qe3 46.Qh7+ Kf6 47.Rf1+ Ke5 48.b7  1-0

[Event "38th Rilton Cup 2008-9"]
[Site "Stockholm SWE"]
[Date "2008.12.29"]
[Round "3"]
[White "Vaarala,E"]
[Black "Kosmo,S"]
[Result "1/2-1/2"]
[WhiteElo "1880"]
[BlackElo "2269"]

1.e4 c5 2.Nf3 d6 3.d4 cxd4 4.Nxd4 Nf6 5.Nc3 a6 6.f3 e6 7.Be3 Be7 8.Qd2 O-O
9.O-O-O Nc6 10.g4 Nxd4 11.Qxd4 b5 12.h4 Bb7 13.Kb1 Re8 14.g5 Nd7 15.h5 Bxg5
16.Bxg5 Qxg5 17.h6 Qe5 18.hxg7 Qxd4 19.Rxd4 Rad8 20.Rxd6 b4 21.Nd1 Ne5 22.Rxd8 Rxd8
23.Be2 f5 24.Ne3 fxe4 25.f4 Nf3 26.f5 Kxg7 27.fxe6 Nd4 28.Bg4 Bc8 29.e7 Re8
30.Bxc8 Rxc8 31.Rd1 Nc6 32.Nf5+ Kf6 33.Nd6 Nxe7 34.Nxc8 Nxc8 35.Rh1  1/2-1/2

[Event "Czech Christmas"]
[Site "Litomysl CZE"]
[Date "2008.12.31"]
[Round "7"]
[White "Kranjec,P"]
[Black "Novotny,M1"]
[Result "1/2-1/2"]
[WhiteElo "1917"]
[BlackElo "2272"]

1.e4 c5 2.Nf3 d6 3.d4 cxd4 4.Nxd4 Nf6 5.Nc3 a6 6.f3 e5 7.Nb3 Be6 8.Be3 Nbd7
9.Qd2 b5 10.O-O-O Nb6 11.Kb1 b4 12.Bxb6 Qxb6 13.Nd5 Bxd5 14.exd5 a5 15.g4 Be7
16.g5 Nh5 17.h4 O-O 18.Nc1 a4 19.Bc4 Rfc8 20.b3 axb3 21.cxb3 g6 22.Nd3 Rcb8
23.Rhg1 Bf8 24.Nf2 Ra5 25.Rc1 Rba8 26.Rc2 Bg7 27.Re1 f5 28.Rec1 Re8 29.Bf1 e4
30.fxe4 Bc3 31.Qd3 f4 32.Ng4 Qa7 33.Nh6+ Kf8 34.Rxc3 bxc3 35.Qxc3 Re5 36.Qc8+ Re8
37.Qc3 Re5 38.Qc8+ Re8 39.Qxe8+ Kxe8 40.Rc8+ Ke7 41.Ng8+ Kf7 42.Nh6+ Ke7  1/2-1/2

[Event "6th ch-Mediterranean"]
[Site "Antalya TUR"]
[Date "2009.01.17"]
[Round "9"]
[White "Aroshidze,L"]
[Black "Odeev,H"]
[Result "1-0"]
[WhiteElo "2526"]
[BlackElo "2408"]

1.e4 c5 2.Nf3 d6 3.d4 cxd4 4.Nxd4 Nf6 5.Nc3 a6 6.f3 e6 7.Be3 b5 8.Qd2 Nbd7
9.g4 h6 10.O-O-O Bb7 11.h4 Ne5 12.Rg1 Qa5 13.g5 b4 14.Nb1 hxg5 15.hxg5 Nfd7
16.f4 Nc6 17.Bc4 Nxd4 18.Qxd4 Rc8 19.Nd2 Qc7 20.g6 f6 21.Kb1 Nc5 22.Rc1 Rh3
23.Rge1 Bc6 24.Bg1 e5 25.Bf7+ Kd8 26.Qf2 Rb8 27.Qg2 Rh4 28.Bxc5 dxc5 29.fxe5 Qxe5
30.Nf3 Qf4 31.Nxh4 Qxh4 32.Bd5 Bd7 33.e5 fxe5 34.Bc6 Be6 35.Rxe5 Qg4  1-0

[Event "ch-BLR"]
[Site "Minsk BLR"]
[Date "2009.01.17"]
[Round "5"]
[White "Romanenko,Vl"]
[Black "Tihonov,J"]
[Result "1-0"]
[WhiteElo "2478"]
[BlackElo "2460"]

1.e4 c5 2.Nf3 d6 3.d4 cxd4 4.Nxd4 Nf6 5.Nc3 a6 6.f3 e5 7.Nb3 Be6 8.Be3 Be7
9.Qd2 O-O 10.O-O-O Nbd7 11.g4 b5 12.g5 b4 13.Ne2 Ne8 14.f4 a5 15.f5 Bxb3
16.cxb3 a4 17.bxa4 Rxa4 18.f6 gxf6 19.Kb1 fxg5 20.Rg1 Qa8 21.Nc1 Qxe4+ 22.Bd3 Qh4
23.Bb5 Nc5 24.Bxc5 Ra5 25.Bf2 Qxh2 26.Bd3 f5 27.Qxb4 Qxf2 28.Qxa5 Ng7 29.Qc7  1-0

[Event "ch-CZE"]
[Site "Decin CZE"]
[Date "2009.02.11"]
[Round "2"]
[White "Plat,V"]
[Black "Stocek,J"]
[Result "1/2-1/2"]
[WhiteElo "2410"]
[BlackElo "2586"]

1.e4 c5 2.Nf3 d6 3.d4 cxd4 4.Nxd4 Nf6 5.Nc3 a6 6.f3 Qb6 7.Nb3 e6 8.Bd3 Be7
9.Qe2 Nc6 10.Be3 Qc7 11.O-O-O b5 12.Qd2 Ne5 13.Ne2 O-O 14.Qa5 Qd7 15.Bf4 Qa7
16.Qc3 Nfd7 17.Qe1 Nb6 18.Be3 Bd7 19.f4 Nxd3+ 20.cxd3 a5 21.Qxa5 Qxa5 22.Nxa5 Rxa5
23.Bxb6 Rxa2 24.Bd4 b4 25.Kd2 Rfa8 26.Nc1 R2a6 27.Ne2 Ra2 28.Nc1 R2a6 29.Ne2 f6
30.Rc1 Bd8 31.e5 fxe5 32.fxe5 dxe5 33.Bxe5 Bg5+ 34.Bf4 Bf6 35.Rc4 Bxb2 36.Rxb4 Bf6
37.Rhb1 Ra2+ 38.Ke1 Bc6 39.Kf2 Bxg2 40.Kxg2 Rxe2+ 41.Kf3 Raa2 42.Re4 Rxe4
43.dxe4 Ra3+ 44.Kg4 Ra4 45.Kf3 Bd4 46.Rb7 e5 47.Bg3 h5 48.Rb5 Ra3+ 49.Kg2 h4
50.Bxe5 h3+ 51.Kf1 Rf3+ 52.Ke1 Re3+ 53.Kf1 Rxe4 54.Bxd4 Rxd4 55.Rb3  1/2-1/2

[Event "US Amateur Team-ch East"]
[Site "Parsipanny USA"]
[Date "2009.02.14"]
[Round "1"]
[White "Zhang,Me"]
[Black "Riordan,C"]
[Result "0-1"]
[WhiteElo "2225"]
[BlackElo "2280"]

1.e4 c5 2.Nf3 d6 3.d4 cxd4 4.Nxd4 Nf6 5.Nc3 a6 6.f3 e6 7.Be3 b5 8.a4 b4 9.Na2 e5
10.Nb3 d5 11.Bg5 Be6 12.exd5 Qxd5 13.Qe2 Nbd7 14.Nd2 Be7 15.Ne4 Qd4 16.Nc1 Nxe4
17.Bxe7 Nc3 18.Qd3 Kxe7 19.bxc3 Qxc3+ 20.Qxc3 bxc3 21.Ne2 Rhc8 22.Ra3 Rab8
23.Nxc3 Rb2 24.Kd2 Nc5 25.Kc1 Rb4 26.a5 Nb3+ 27.cxb3 Rxc3+ 28.Kd2 Rcxb3 29.Rxb3 Rxb3
30.Bxa6 Ra3 31.Bd3 Rxa5 32.Rc1 Ra4 33.Rc2 Rd4 34.Rc3 Bf5 35.g4 Bxd3 36.Rxd3 Ke6
37.Ke3 Rxd3+ 38.Kxd3 g6 39.Ke4 f5+ 40.gxf5+ gxf5+ 41.Ke3 Kd5 42.Kd3 f4 43.Ke2 Kc4  0-1

[Event "TCh Paulista Interclub"]
[Site "Sao Paolo BRA"]
[Date "2009.03.07"]
[Round "5"]
[White "Vivaldo,L"]
[Black "Leal,P1 BRA"]
[Result "1/2-1/2"]
[WhiteElo "2006"]
[BlackElo "1874"]

1.e4 c5 2.Nf3 d6 3.d4 cxd4 4.Nxd4 Nf6 5.Nc3 a6 6.f3 e5 7.Nb3 Be6 8.Be3 Qc7
9.Qd2 Nbd7 10.O-O-O b5 11.g4 Nb6 12.g5 Nfd7 13.Nd5 Nxd5 14.exd5 Bf5 15.Kb1 Rc8
16.Rc1 Be7 17.Ka1 Nb6 18.c4 Nxc4 19.Bxc4 bxc4 20.Na5 Bd3 21.Nc6 O-O 22.Nb4 Qa5
23.Nxd3 Qxd2 24.Bxd2 cxd3 25.Rc6 Rxc6 26.dxc6 Rc8 27.Rc1 d5 28.b4 f5 29.a4 Bd6  1/2-1/2

[Event "10th EICC w"]
[Site "St Petersburg RUS"]
[Date "2009.03.12"]
[Round "5"]
[White "Martynova,A"]
[Black "Danelia,M"]
[Result "0-1"]
[WhiteElo "1894"]
[BlackElo "2219"]

1.e4 c5 2.Nf3 d6 3.d4 cxd4 4.Nxd4 Nf6 5.Nc3 a6 6.f3 e6 7.g4 b5 8.Be3 Bb7
9.Qd2 Be7 10.O-O-O Nbd7 11.g5 Nh5 12.Qg2 b4 13.Nce2 Ne5 14.Ng3 Bxg5 15.Nxh5 Bxe3+
16.Kb1 g6 17.f4 Bxd4 18.Rxd4 Nc6 19.Rd2 gxh5 20.Qg7 Rf8 21.Be2 Qe7 22.Bxh5 O-O-O
23.Qxh7 f5 24.Qxe7 Nxe7 25.Rhd1 fxe4 26.Bg4 Nf5 27.Bxf5 Rxf5 28.Rxd6 Rxd6
29.Rxd6 Rxf4 30.a3 Bd5 31.b3 e3 32.Rxa6 e2  0-1

[Event "10th EICC w"]
[Site "St Petersburg RUS"]
[Date "2009.03.16"]
[Round "8"]
[White "Korchagina,V"]
[Black "Paikidze,N"]
[Result "0-1"]
[WhiteElo "2187"]
[BlackElo "2280"]

1.e4 c5 2.Nf3 d6 3.d4 cxd4 4.Nxd4 Nf6 5.Nc3 a6 6.f3 e5 7.Nb3 Be6 8.Be3 Nbd7
9.Qd2 b5 10.g4 Nb6 11.g5 Nfd7 12.Qf2 Be7 13.h4 b4 14.Ne2 Nc4 15.Ng3 Nxb2
16.Nf5 Bf8 17.Qd2 Qc7 18.Qxb4 g6 19.Ng3 d5 20.Qd2 d4 21.Bf2 Rb8 22.a3 Bxb3
23.cxb3 Rxb3 24.Bxa6 Nc5 25.Be2 Nbd3+ 26.Bxd3 Nxd3+ 27.Kf1 Qc4 28.Ne2 Bc5
29.Bg3 Rb2 30.Qd1 Rc2 31.Rh2 Nb2  0-1

[Event "3rd Georgi Agzamov Mem"]
[Site "Tashkent AZE"]
[Date "2009.03.16"]
[Round "1"]
[White "Miraliev,M"]
[Black "Potapov,Alexa1"]
[Result "1/2-1/2"]
[WhiteElo "2123"]
[BlackElo "2456"]

1.e4 c5 2.Nf3 d6 3.d4 cxd4 4.Nxd4 Nf6 5.Nc3 a6 6.f3 e5 7.Nb3 Nbd7 8.a4 Qc7
9.g4 h6 10.Be3 Nb6 11.a5 Nc4 12.Bxc4 Qxc4 13.Qd2 Be6 14.Nc5 dxc5 15.Ra4 Qb4
16.Rxb4 cxb4 17.Na4 Rc8 18.b3 Be7 19.O-O O-O 20.Rd1 Rc6 21.Qe2 Rfc8 22.Rd2 Nd7
23.h3 Kf8 24.Qf2 Ke8 25.h4 Bd8 26.Nb6 Nxb6 27.axb6 Rc3 28.g5 h5 29.f4 exf4
30.Bxf4 Be7 31.Be5 Bc5 32.Bd4 Bxd4 33.Qxd4 Rg3+ 34.Kf2 Rh3 35.Qxg7 Rh2+ 36.Ke3 Rh3+
37.Kf4 Rxh4+ 38.Ke5 Rc5+ 39.Rd5 Rxe4+ 40.Kxe4 Bxd5+ 41.Kd4 Rb5 42.Qh8+ Kd7
43.Qxh5 Be6 44.Qh6 Rxb6 45.g6 fxg6 46.Qxg6 Rb5 47.Qg7+ Kc6 48.Qe7 Bd7 49.Kc4 Kc7
50.Qg7 Kc6 51.Qf6+ Kc7 52.Qe7 Rb6 53.Qe5+ Kc8 54.Qh8+ Kc7 55.Qe5+ Kc8  1/2-1/2

[Event "3rd Georgi Agzamov Mem"]
[Site "Tashkent AZE"]
[Date "2009.03.22"]
[Round "7"]
[White "Fedorov,Alex"]
[Black "Faizulaev,A"]
[Result "1-0"]
[WhiteElo "2619"]
[BlackElo "2275"]

1.e4 c5 2.Nf3 d6 3.d4 cxd4 4.Nxd4 Nf6 5.Nc3 a6 6.f3 e5 7.Nb3 Be6 8.Be3 Be7
9.Qd2 Nbd7 10.g4 b5 11.g5 b4 12.Ne2 Nh5 13.Ng3 Nxg3 14.hxg3 a5 15.f4 a4 16.Nc1 Rc8
17.Nd3 b3 18.axb3 axb3 19.cxb3 Bxb3 20.Nb4 Ra8 21.Rc1 Qa5 22.Nc6 Qxd2+ 23.Kxd2 Ba4
24.Bd3 Bxc6 25.Rxc6 Rb8 26.Ra1 h6 27.g6 fxg6 28.Ra7 Nf8 29.b4 exf4 30.gxf4 h5
31.Rcc7 Bd8 32.Rcb7 Rxb7 33.Rxb7 Be7 34.e5 dxe5 35.Bb5+ Kf7 36.Bc5 exf4 37.Rxe7+ Kf6
38.Re8 Kf7 39.Ra8 h4 40.Bc4+ Kf6 41.Rxf8+ Rxf8 42.Bxf8 g5  1-0

[Event "Open"]
[Site "Reykjavik ISL"]
[Date "2009.03.25"]
[Round "2"]
[White "Grandelius,N"]
[Black "Gretarsson,Hj"]
[Result "1-0"]
[WhiteElo "2464"]
[BlackElo "2279"]

1.e4 c5 2.Nf3 d6 3.d4 cxd4 4.Nxd4 Nf6 5.Nc3 a6 6.f3 e5 7.Nb3 Be6 8.Be3 Be7
9.Qd2 O-O 10.O-O-O Nbd7 11.g4 b5 12.g5 b4 13.Ne2 Ne8 14.f4 a5 15.f5 a4 16.Nbd4 exd4
17.Nxd4 b3 18.Kb1 bxc2+ 19.Nxc2 Bxa2+ 20.Kxa2 Ne5 21.Rc1 Nc7 22.Nb4 Qd7 23.Bf4 Rfd8
24.Be2 Rac8 25.Bxe5 dxe5 26.Qxd7 Rxd7 27.Nd5 Bxg5 28.Rc2 Rcd8 29.Rxc7 Rxc7
30.Nxc7 Rd2 31.Bb5 Be3 32.Re1  1-0

[Event "TCh-NED 2008-9"]
[Site "Netherlands NED"]
[Date "2009.03.28"]
[Round "7"]
[White "Braun,Christi2"]
[Black "Okkes,M"]
[Result "0-1"]
[WhiteElo "2334"]
[BlackElo "2359"]

1.e4 c5 2.Nf3 d6 3.d4 cxd4 4.Nxd4 Nf6 5.Nc3 a6 6.f3 e5 7.Nb3 Be6 8.Be3 Be7
9.Qd2 O-O 10.O-O-O Nbd7 11.g4 b5 12.g5 b4 13.Na4 Nh5 14.h4 Qc7 15.Qxb4 Ng3
16.Rg1 Nxf1 17.Rgxf1 a5 18.Qc3 Qb7 19.Nxa5 Rxa5 20.Qxa5 Ra8 21.Qc3 Rxa4 22.a3 Rc4
23.Qd3 Nc5 24.Bxc5 Rxc5 25.Rf2 Qc8 26.Qe3 Rc6 27.Rfd2 Qb8 28.Rd3 Bd8 29.Qd2 Bc7
30.Rc3 Rxc3 31.Qxc3 Kf8 32.Rd3 Qa7 33.Rd1 Ke7 34.Kb1 Bb6 35.Qc6 Bd4 36.c3 Bb3
37.Rd2 Qb6 38.Qxb6 Bxb6 39.Rg2 Kd7 40.a4 Be3 41.h5 Kc6 42.g6 fxg6 43.hxg6 h6
44.Rh2 Kb6 45.Rh5 Bg5 46.Rh3 Bxa4 47.b4 Be8 48.Rh1 Bxg6 49.Kc2 Bf7 50.Kd3 h5
51.Ra1 Kb7 52.Ra5 Bd8 53.Ra1 h4 54.Rg1 Bf6 55.Ke2 h3 56.Rg3 Be6 57.Kf1 Kb6
58.Kg1 Kb5 59.Kh2 Kc4 60.Rg1 Bd7 61.Rd1 Be7 62.Rg1 Bf6 63.Rd1 Bg5 64.Rxd6 Bf4+
65.Kh1 Be8 66.Kg1 Kxc3 67.Rd8 Bb5 68.Rh8 h2+ 69.Kg2 Kxb4 70.Rg8 g5 71.Rb8 Kc5
72.Rc8+ Kd4 73.Rc2 Bd3 74.Ra2 Ke3 75.Rf2 g4 76.Kh1 Kxf2  0-1

[Event "Open B"]
[Site "Zagreb CRO"]
[Date "2009.03.28"]
[Round "8"]
[White "Dobrovic,A"]
[Black "Vadla,Z"]
[Result "1-0"]
[WhiteElo "2085"]
[BlackElo "2189"]

1.e4 c5 2.Nf3 d6 3.d4 cxd4 4.Nxd4 Nf6 5.Nc3 a6 6.f3 e6 7.Be3 b5 8.a3 Nbd7
9.Bd3 Bb7 10.g4 Nb6 11.b3 Qc7 12.Nce2 d5 13.e5 Nfd7 14.f4 Nc5 15.O-O g6 16.Qe1 h5
17.g5 h4 18.Qa5 Rc8 19.Rfc1 Be7 20.Nxe6 fxe6 21.Bxg6+ Kf8 22.Nd4 Rg8 23.Bh5 Na8
24.Qe1 Qd7 25.Qxh4 Kg7 26.Rf1 Rcf8 27.f5 exf5 28.e6 Qc7 29.Nxf5+ Rxf5 30.Rxf5 Rh8
31.Bd4+ Kg8 32.Bf7+  1-0

[Event "16th TCh-RUS HL"]
[Site "Dagomys RUS"]
[Date "2009.04.07"]
[Round "6"]
[White "Kozlov,Ge"]
[Black "Chernobay,A"]
[Result "0-1"]
[WhiteElo "2265"]
[BlackElo "2398"]

1.e4 c5 2.Nf3 d6 3.d4 cxd4 4.Nxd4 Nf6 5.Nc3 a6 6.f3 e5 7.Nb3 Be6 8.Be3 Nbd7
9.Qd2 Be7 10.Be2 b5 11.g4 Nb6 12.g5 Nh5 13.Nd5 Nxd5 14.exd5 Bd7 15.O-O-O a5
16.f4 a4 17.Nc5 Nxf4 18.Bxf4 exf4 19.Nxd7 Qxd7 20.Qxf4 O-O 21.h4 b4 22.Kb1 Qc7
23.Bd3 a3 24.h5 f5 25.Bxf5 Qa7 26.b3 Qc5 27.Rh3 Kh8 28.Qg4 Rae8 29.Bg6 Rf2
30.Qe4 Ref8 31.Qxe7 Qd4  0-1

[Event "Knut Bockman Cup"]
[Site "Oslo NOR"]
[Date "2009.04.12"]
[Round "9"]
[White "Stubberud,O"]
[Black "Getz,N"]
[Result "0-1"]
[WhiteElo "2197"]
[BlackElo "2205"]

1.e4 c5 2.Nf3 d6 3.d4 cxd4 4.Nxd4 Nf6 5.Nc3 a6 6.f3 e6 7.Be3 b5 8.Qd2 Nbd7
9.g4 h6 10.a3 Bb7 11.O-O-O Ne5 12.Be2 d5 13.exd5 Nxd5 14.Nxd5 Bxd5 15.Rhe1 Qc8
16.Bf4 Ng6 17.Bg3 Be7 18.Nf5 O-O 19.Nxe7+ Nxe7 20.Kb1 Qb7 21.Qe3 Rfc8 22.Rd4 a5
23.Bd6 Bc6 24.Bxe7 Qxe7 25.c3 e5 26.Red1 b4 27.axb4 Ba4 28.R1d2 Qh4 29.Qxe5 Qe1+
30.Rd1 Bxd1 31.Rxd1 Qf2 32.Rf1 Qg2 33.Bd3 axb4 34.cxb4 Re8 35.Qd5 Rad8 36.Qc4 Re3
37.Qc2 Qh3 38.Rd1 Rexd3 39.Qxd3 Rxd3 40.Rxd3 Qxh2 41.Rb3 Qe2 42.Ka2 Qc4  0-1

[Event "Sydney International Open"]
[Site "Parramatta AUS"]
[Date "2009.04.15"]
[Round "2"]
[White "Lau,Jo"]
[Black "Chan,Jas"]
[Result "1-0"]
[WhiteElo "1862"]
[BlackElo "2056"]

1.e4 c5 2.Nf3 d6 3.d4 cxd4 4.Nxd4 Nf6 5.Nc3 a6 6.f3 e5 7.Nb3 Be6 8.Be3 Nbd7
9.Qd2 b5 10.O-O-O Be7 11.g4 b4 12.Na4 a5 13.Bb5 Rb8 14.Qd3 Qc7 15.Kb1 O-O
16.Nd2 d5 17.g5 dxe4 18.Nxe4 Nxe4 19.fxe4 Rfd8 20.Qe2 Qb7 21.Bxd7 Bxd7 22.Nc5 Qb5
23.Qxb5 Bxb5 24.Rd5 Rxd5 25.exd5 a4 26.Rd1 Kf8 27.d6 Bd8 28.Rd5 f6 29.Ne6+ Ke8
30.Nc7+  1-0

[Event "K41 Scandinavian Open"]
[Site "Copenhagen DEN"]
[Date "2009.04.26"]
[Round "11"]
[White "Grandelius,N"]
[Black "Zdebskaja,N"]
[Result "0-1"]
[WhiteElo "2491"]
[BlackElo "2438"]

1.e4 c5 2.Nf3 d6 3.d4 cxd4 4.Nxd4 Nf6 5.Nc3 a6 6.f3 e5 7.Nb3 Be6 8.Be3 Be7
9.Qd2 O-O 10.O-O-O Nbd7 11.g4 b5 12.g5 b4 13.Ne2 Ne8 14.f4 a5 15.f5 Bxb3
16.cxb3 a4 17.bxa4 Rxa4 18.b3 Ra5 19.Kb1 d5 20.exd5 Bc5 21.Bxc5 Nxc5 22.Qxb4 Nd6
23.f6 Qa8 24.Nc1 Rb8 25.Qc3 Rxa2 26.Qxc5 Ne4 27.Qe3 Qa7 28.Qh3 Nf2 29.Nxa2 Nxh3
30.Bxh3 Rxb3+ 31.Ka1 Qf2  0-1

[Event "11th Dubai Open"]
[Site "Dubai UAE"]
[Date "2009.04.27"]
[Round "2"]
[White "Fedorov,Alex"]
[Black "Ashwin,J"]
[Result "0-1"]
[WhiteElo "2611"]
[BlackElo "2413"]

1.e4 c5 2.Nf3 d6 3.d4 cxd4 4.Nxd4 Nf6 5.Nc3 a6 6.f3 e6 7.Be3 b5 8.Qd2 Nbd7
9.g4 h6 10.O-O-O b4 11.Nce2 Qc7 12.h4 d5 13.Bh3 Nb6 14.b3 dxe4 15.g5 Nfd5
16.fxe4 Nxe3 17.Qxe3 hxg5 18.hxg5 g6 19.Bg2 Rxh1 20.Rxh1 Bb7 21.Rh7 Qe5 22.Kb1 Bg7
23.Rxg7 Qxg7 24.Nxe6 fxe6 25.Qxb6 Qd7 26.Nf4 Rc8 27.Nd3 Qc6 28.Qf2 Qc3 29.e5 Bxg2
30.Qxg2 Rc7 31.Qf2 a5 32.Qh2 Kd8 33.Qe2 Qc6 34.Nf4 Rh7 35.Qd3+ Rd7 36.Qh3 Rd1+
37.Kb2 Qe4 38.Qh8+ Kd7 39.Qg7+ Kc6 40.Nxe6 Qh1 41.Qc7+ Kd5 42.Nf4+ Ke4 43.Qc4+ Kf5  0-1

[Event "ch-RUS U20 w"]
[Site "Dagomys RUS"]
[Date "2009.05.03"]
[Round "5"]
[White "Severiukhina,Z"]
[Black "Pustovoitova,D"]
[Result "1/2-1/2"]
[WhiteElo "2332"]
[BlackElo "2286"]

1.e4 c5 2.Nf3 d6 3.d4 cxd4 4.Nxd4 Nf6 5.Nc3 a6 6.f3 e5 7.Nb3 Be7 8.Be3 O-O
9.Qd2 Be6 10.O-O-O Nbd7 11.g4 b5 12.g5 b4 13.Ne2 Ne8 14.f4 a5 15.f5 Bxb3
16.cxb3 a4 17.bxa4 Rxa4 18.Kb1 Rxa2 19.Kxa2 Qa8+ 20.Kb3 Bxg5 21.Qd5 Qxd5+
22.Rxd5 Bxe3 23.Ng3 Bc5 24.Bb5 Ndf6 25.Rxc5 dxc5 26.Rc1 Nd6 27.Rxc5 Rb8 28.Kxb4 Nfxe4
29.Nxe4 Nxe4 30.Rxe5 Nd6 31.Ka5 f6 32.Rd5 Ra8+ 33.Kb6 Nxb5 34.Rxb5 Ra2 35.Kc6 g6
36.Kd5 Kg7 37.fxg6 Kxg6 38.Ke4 Ra1 39.Kf4 Rh1 40.Kg3 Rg1+ 41.Kf2  1/2-1/2

[Event "III Open"]
[Site "La Laguna ESP"]
[Date "2009.05.09"]
[Round "7"]
[White "Rodriguez Lapetra,P"]
[Black "Estevez Hernandez,C"]
[Result "1-0"]
[WhiteElo "1930"]
[BlackElo "1660"]

1.e4 c5 2.Nf3 d6 3.d4 cxd4 4.Nxd4 Nf6 5.Nc3 a6 6.f3 e5 7.Nb3 Be6 8.Be3 Be7
9.Qd2 Nbd7 10.O-O-O O-O 11.Kb1 b5 12.g4 b4 13.Ne2 a5 14.Ng3 a4 15.Nc1 Nc5
16.Nf5 b3 17.Nxe7+ Qxe7 18.Qxd6 bxc2+ 19.Kxc2 Qxd6 20.Rxd6 Rfc8 21.Kb1 Rab8
22.Nd3 Nfd7 23.Bxc5 Nxc5 24.Nxe5 a3 25.b3 Nxb3 26.axb3 Rxb3+ 27.Ka2 Rc2+
28.Ka1 Rc1+ 29.Ka2 Re3+ 30.Bc4 Bxc4+ 31.Nxc4 Rc2+  1-0

[Event "Rapid"]
[Site "Livry-Gargan FRA"]
[Date "2009.05.10"]
[Round "7"]
[White "Strugnell,C"]
[Black "Guliyev,N"]
[Result "0-1"]
[WhiteElo "2256"]
[BlackElo "2534"]

1.e4 c5 2.Nf3 d6 3.d4 cxd4 4.Nxd4 Nf6 5.Nc3 a6 6.f3 e6 7.Be3 b5 8.Qd2 Nbd7
9.g4 Nb6 10.Qf2 Nfd7 11.f4 Bb7 12.f5 e5 13.Ne6 fxe6 14.fxe6 Qf6 15.exd7+ Nxd7
16.Qg2 Be7 17.g5 Qf7 18.O-O-O Rc8 19.Qg4 Rxc3 20.bxc3 Qxa2 21.Bh3 Bc6 22.Qe6 Qxe6
23.Bxe6 Bxe4 24.Rhf1 Rf8 25.Rxf8+ Nxf8 26.Bd5 Bxd5 27.Rxd5 Kd7 28.c4 Kc6
29.cxb5+ Kxd5 30.c4+ Kxc4 31.bxa6 Ne6 32.Bb6 Bxg5+ 33.Kd1 Be3 34.a7 Nc7 35.Bxe3 Kb5
36.Ke2 Ka6 37.Kf3 d5 38.Bc5 Kb7 39.Ke3 Nb5 40.Bf8 Nxa7 41.Bxg7 Nc6 42.Kf3 Kb6
43.Kg4 Kc5 44.Kf5 e4 45.Bh6 Kc4  0-1

[Event "ch-Catalunya"]
[Site "Lleida ESP"]
[Date "2009.05.18"]
[Round "2.1"]
[White "Lopez Martinez,Josep"]
[Black "Alonso Rosell,A"]
[Result "1-0"]
[WhiteElo "2557"]
[BlackElo "2442"]

1.e4 c5 2.Nc3 a6 3.Nge2 d6 4.d4 cxd4 5.Nxd4 Nf6 6.f3 e5 7.Nb3 Be6 8.Be3 Be7
9.Qd2 O-O 10.O-O-O Qc7 11.g4 Rc8 12.g5 Nh5 13.Kb1 Nd7 14.Rg1 Nb6 15.Qf2 Nc4
16.Bxc4 Qxc4 17.Nd5 Bd8 18.Rd3 a5 19.Rc1 Rc6 20.Nd2 Qa6 21.Ra3 Rcc8 22.c4 b5
23.Qf1 Bd7 24.cxb5 Bxb5 25.Qd1 Be2 26.Qe1 a4 27.Ka1 Kf8 28.Nc3 Bb5 29.Nxb5 Qxb5
30.Rxc8 Rxc8 31.Qd1 Rb8 32.Qc2 Nf4 33.Rxa4 Nd3 34.b3 Ne1 35.Qd1 Ba5 36.Nc4 Bc3+
37.Kb1 Kg8 38.Qxd6 Nxf3 39.Ra7 Bd4 40.Bxd4 Nxd4 41.Qxe5 Qxe5 42.Nxe5 Nb5
43.Re7 Nc3+ 44.Kb2 Na4+ 45.Kc2 Nc5 46.Nd7 Rc8 47.Nxc5 Rxc5+ 48.Kd3 Kf8 49.Ra7 Rxg5
50.a4 Rg2 51.a5 Rxh2 52.a6 Ra2 53.b4 g5 54.b5 Rb2 55.Rb7 Kg7 56.a7 Ra2 57.b6 g4  1-0

[Event "VI Moncada Open"]
[Site "Santiago de Cuba CUB"]
[Date "2009.05.19"]
[Round "4"]
[White "Guerra,Le"]
[Black "Forgas Moreno,Y"]
[Result "1-0"]
[WhiteElo "2252"]
[BlackElo "2084"]

1.e4 c5 2.Nf3 d6 3.d4 cxd4 4.Nxd4 Nf6 5.Nc3 a6 6.f3 e5 7.Nb3 Be7 8.Be3 Be6
9.Qd2 Nbd7 10.O-O-O O-O 11.g4 b5 12.Rg1 Nb6 13.g5 Nfd7 14.Na5 Qc7 15.Nd5 Bxd5
16.exd5 Nxd5 17.Qxd5 Qxa5 18.Bd3 Qc7 19.g6 Nf6 20.gxf7+ Kh8 21.Rxg7 Rac8
22.Rdg1 Qd7 23.Bh6  1-0

[Event "3rd ENCI Limburg Open"]
[Site "Maastricht NED"]
[Date "2009.05.30"]
[Round "2"]
[White "Braun,Christi2"]
[Black "Spoelman,W"]
[Result "1/2-1/2"]
[WhiteElo "2333"]
[BlackElo "2512"]

1.e4 c5 2.Nf3 d6 3.d4 cxd4 4.Nxd4 Nf6 5.Nc3 a6 6.f3 e5 7.Nb3 Be7 8.Be3 O-O
9.Qd2 Be6 10.O-O-O a5 11.Na4 Nbd7 12.Bb5 b6 13.g4 Rb8 14.Nc3 Ne8 15.Kb1 Nc7
16.Bc6 Qc8 17.Qe2 Na6  1/2-1/2

[Event "Copper State Int"]
[Site "Mesa USA"]
[Date "2009.06.01"]
[Round "6"]
[White "Ding,R"]
[Black "Harmon,L"]
[Result "1/2-1/2"]
[WhiteElo "2134"]
[BlackElo "2011"]

1.e4 c5 2.Nf3 d6 3.d4 cxd4 4.Nxd4 Nf6 5.Nc3 a6 6.f3 e5 7.Nb3 Be6 8.Be3 Be7
9.Qd2 Nbd7 10.g4 b5 11.g5 Nh5 12.O-O-O O-O 13.Kb1 b4 14.Nd5 Bxd5 15.exd5 a5
16.Rg1 Qc7 17.Qf2 Rfc8 18.Nc1 a4 19.b3 Ra5 20.Bc4 Nc5 21.Nd3 Nxd3 22.Rxd3 Qb7
23.Qh4 g6 24.f4 Nxf4 25.Bxf4 exf4 26.Qxf4 Bf8 27.Re1 Rca8 28.Rh3 axb3 29.Bxb3 Qd7
30.Qh4 h5 31.gxh6 Re8 32.Rxe8 Qxe8 33.Qxb4 Ra8 34.Qc3 Kh7 35.Rf3 Bxh6 36.Rf1 Bg7
37.Qf3 Qe5 38.c3 f5 39.Rc1 Rc8 40.Rc2 Re8 41.Qh3+ Kg8 42.Qg2 Kf7 43.Qf2 g5
44.Qf3 Kg6 45.Qg2 Qf4 46.Qg3 Qxg3 47.hxg3 Re3 48.Kb2 Rxg3 49.a4 Rh3 50.a5 g4
51.a6 f4 52.Ba4 Rh7 53.a7 Bxc3+ 54.Rxc3 Rxa7 55.Bd1 Kg5 56.Rc8 f3 57.Rf8 Rb7+
58.Kc3 Rb5 59.Kc4 Rc5+ 60.Kd4 Rc1 61.Bxf3 gxf3 62.Rxf3 Rd1+ 63.Kc4 Rc1+ 64.Kd4 Rd1+
65.Ke4 Re1+ 66.Kd4 Rd1+  1/2-1/2

[Event "XLIV Capablanca Memorial Open"]
[Site "Havana CUB"]
[Date "2009.06.09"]
[Round "2"]
[White "Espinosa,E"]
[Black "Quinones Centeno,Carlos"]
[Result "1-0"]
[WhiteElo "2395"]
[BlackElo "2166"]

1.e4 c5 2.Nf3 d6 3.d4 cxd4 4.Nxd4 Nf6 5.Nc3 a6 6.f3 e6 7.Be3 b5 8.Qd2 Bb7
9.g4 h6 10.O-O-O Nbd7 11.h4 b4 12.Na4 Qa5 13.b3 Nc5 14.a3 Nxa4 15.axb4 Qc7
16.bxa4 Nd7 17.Kb1 d5 18.exd5 Bxd5 19.c3 Nb6 20.a5 Nc4 21.Bxc4 Qxc4 22.Rhe1 Rc8
23.Rc1 Be7 24.g5 hxg5 25.hxg5 g6 26.Bf4 Rh4 27.Rc2 Rh5 28.Rg1 Rh3 29.Qe3 Bb7
30.Be5 Rd8 31.Bf6 Rd5 32.Bxe7 Kxe7 33.Qf4 Ke8 34.Re1 Qc8 35.Qf6 Rxd4 36.cxd4 Qd7
37.Rec1 Qd6 38.Rc8+  1-0

[Event "13th Open"]
[Site "Voronezh RUS"]
[Date "2009.06.12"]
[Round "1"]
[White "Airapetian,Ta"]
[Black "Ibrayev,N"]
[Result "0-1"]
[WhiteElo "2125"]
[BlackElo "2406"]

1.e4 c5 2.Nf3 d6 3.d4 cxd4 4.Nxd4 Nf6 5.Nc3 a6 6.f3 e6 7.Be3 b5 8.Qd2 Nbd7
9.g4 h6 10.O-O-O b4 11.Na4 Ne5 12.Kb1 Bd7 13.Qxb4 Rb8 14.Qa3 Qa5 15.Bd2 Qxa4
16.Qxa4 Bxa4 17.Bxa6 Be7 18.h4 Nfd7 19.g5 Nc5 20.Be2 Nc6 21.Be3 Nxd4 22.Bxd4 e5
23.Be3 Bd7 24.gxh6 gxh6 25.Bxc5 dxc5 26.Rd5 Be6 27.Rxe5 Bf6 28.Rxc5 Rxb2+
29.Kc1 Rxa2 30.Kd2 O-O 31.Rg1+ Kh8 32.Rc6 Rc8 33.Rxc8+ Bxc8 34.Bc4 Ra7 35.f4 Rc7
36.Kd3 Bb7 37.Re1 Rd7+ 38.Ke3 Bxe4 39.Kxe4 Bc3  0-1